Developing reading and writing skills for the year 8 tests

में बचाया:
ग्रंथसूची विवरण
मुख्य लेखक: John Dayus
स्वरूप: पुस्तक
भाषा:Undetermined
प्रकाशित: Oxford, UK Heinemann 2002
विषय:
टैग : टैग जोड़ें
कोई टैग नहीं, इस रिकॉर्ड को टैग करने वाले पहले व्यक्ति बनें!
Thư viện lưu trữ: Trung tâm Học liệu Trường Đại học Cần Thơ
LEADER 00551nam a2200205Ia 4500
001 CTU_57282
008 210402s9999 xx 000 0 und d
020 |b 213000 
082 |a 428.24 
082 |b D276 
100 |a John Dayus 
245 0 |a Developing reading and writing skills for the year 8 tests 
245 0 |c John Dayus and Andrew Benneth 
260 |a Oxford, UK 
260 |b Heinemann 
260 |c 2002 
650 |a english language 
650 |x writing 
904 |i Minh 
980 |a Trung tâm Học liệu Trường Đại học Cần Thơ